Green Lantern Oath Quiz Stats

 Plays Quiz Updated Feb 14, 2020

Support Sporcle.
Go Orange.
Score 0/24 Timer 03:00
1 Play Today
% Correct
In
89.7%
in
86.6%
day,
86.6%
Green
85.7%
night,
85.6%
brightest
83.1%
my
81.2%
light!
80.4%
blackest
80.3%
no
80.2%
evil
79.8%
Lantern's
78.7%
% Correct
shall
78.5%
escape
77.5%
sight.
77.4%
my
74.8%
power,
68.6%
might,
67.2%
beware
64.8%
who
63%
those
62.1%
worship
59.6%
evil's
59.6%
Let
56.8%

From the Vault

Sprint Cup ROY

by HenryFieldstone

Sports 10m
Understanding the criteria to win the Rookie of the Year award is almost as challenging as winning the award itself.
Remove Ads.
Support Sporcle.
Get the best of Sporcle when you Go Orange. This ad-free experience offers more features, more stats, and more fun while also helping to support Sporcle. Thank you for becoming a member.

Show Comments

Extras

Top Quizzes Today


Score Distribution

Your Account Isn't Verified!

In order to create a playlist on Sporcle, you need to verify the email address you used during registration. Go to your Sporcle Settings to finish the process.

Report this User

Report this user for behavior that violates our Community Guidelines.

Details: